| 000 | 00488nam a2200193Ia 4500 | ||
|---|---|---|---|
| 008 | 170918s9999 xx 000 0 und d | ||
| 020 | _a9781846650758 | ||
| 050 | _bV531 2006 | ||
| 100 | _aVerne, Jules | ||
| 245 | _aTwenty thousand leagues under the sea / | ||
| 245 | _cby Jules Verne. | ||
| 260 | _aLondon : | ||
| 260 | _bCharrles Baker Ltd., | ||
| 260 | _c2006 | ||
| 300 | _a114 pages : | ||
| 300 | _billustrations ; | ||
| 300 | _c22cm. | ||
| 300 | _eCharles baker classics. | ||
| 999 |
_c343328 _d343328 |
||